000 00464nam a22001697a 4500
005 20260421114947.0
008 260421b |||||||| |||| 00| 0 eng d
020 _qhbk
082 _a348.7323 UNI.15
245 _aUnited states code service:Commerce and Trade 78n-79z-6 title 15 USCS
250 _aLawyers
260 _aCharlottesville:
_bLexisNexis,
_c2008.
300 _axxxviii,1009p.
_c;24cm.
650 _aCommerce
650 _aTrade
942 _cENGLISH
999 _c619662
_d619662